| 000 | 00755nam a22002057a 4500 | ||
|---|---|---|---|
| 999 |
_c16630 _d16630 |
||
| 003 | AR-CdUCM | ||
| 008 | 190504b ||||| |||| 00| 0 spa d | ||
| 040 |
_aMUNICIPALIDAD PROVINCIAL DEL CUSCO _cBIBLIOTECA MUNICIPAL DEL CUSCO |
||
| 082 |
_a891.7 / _bI9 |
||
| 100 |
_aIvanov, Vsevolod _936187 |
||
| 245 |
_aCampesinos y bandidos : _bnarraciones soviéticas / |
||
| 260 |
_aMadrid : _bEdit. Nosotros, _c1930. |
||
| 300 |
_a183 páginas ; _c18 cm. |
||
| 440 |
_aEdiciones Nosotros ; _n1 _936188 |
||
| 505 | _aContenido: De mi vida -- Trilogía sentimental -- Como fui faquir -- Rojo y blanco -- Campesinos y bandidos ... | ||
| 650 |
_aNarraciones soviéticas _936189 |
||
| 700 |
_aSalgado, José _936190 |
||
| 942 |
_2ddc _cLIBROS |
||
| 945 |
_aacv _d2019-05-04 |
||